BSOP header

Popular religion in the Middle Ages : (Record no. 40319)

MARC details
000 -LEADER
fixed length control field 00993cam a2200313 a 4500
001 - CONTROL NUMBER
control field 1880002
005 - DATE AND TIME OF LATEST TRANSACTION
control field 20161114193527.0
008 - FIXED-LENGTH DATA ELEMENTS--GENERAL INFORMATION
fixed length control field 830811s1984 enka b 001 0 eng
010 ## - LIBRARY OF CONGRESS CONTROL NUMBER
LC control number 83050769
020 ## - INTERNATIONAL STANDARD BOOK NUMBER
International Standard Book Number 0500250871
040 ## - CATALOGING SOURCE
Original cataloging agency DLC
Transcribing agency DLC
Modifying agency DLC
043 ## - GEOGRAPHIC AREA CODE
Geographic area code ew-----
100 1# - MAIN ENTRY--PERSONAL NAME
Personal name Brooke, Rosalind B.
245 10 - TITLE STATEMENT
Title Popular religion in the Middle Ages :
Remainder of title Western Europe, 1000-1300 /
Statement of responsibility, etc Rosalind and Christopher Brooke.
260 ## - PUBLICATION, DISTRIBUTION, ETC. (IMPRINT)
Place of publication, distribution, etc [London] :
Name of publisher, distributor, etc Thames and Hudson,
Date of publication, distribution, etc c1984.
300 ## - PHYSICAL DESCRIPTION
Extent 176 p. :
Other physical details ill. ;
Dimensions 24 cm.
336 ## - CONTENT TYPE
Content Type Term text
337 ## - MEDIA TYPE
Media Type Term unmediated
338 ## - CARRIER TYPE
Carrier Type Term volume
500 ## - GENERAL NOTE
General note Includes index.
504 ## - BIBLIOGRAPHY, ETC. NOTE
Bibliography, etc Bibliography: p. 157-166.
650 #0 - SUBJECT ADDED ENTRY--TOPICAL TERM
Topical term or geographic name as entry element Church history
Chronological subdivision Middle Ages, 600-1500.
650 #0 - SUBJECT ADDED ENTRY--TOPICAL TERM
Topical term or geographic name as entry element Social history
Chronological subdivision Medieval, 500-1500.
650 #0 - SUBJECT ADDED ENTRY--TOPICAL TERM
Topical term or geographic name as entry element Popular culture
Geographic subdivision Europe
General subdivision History.
651 #0 - SUBJECT ADDED ENTRY--GEOGRAPHIC NAME
Geographic name Europe
General subdivision Church history
Chronological subdivision 600-1500.
651 #0 - SUBJECT ADDED ENTRY--GEOGRAPHIC NAME
Geographic name Europe
General subdivision Religious life and customs.
700 1# - ADDED ENTRY--PERSONAL NAME
Personal name Brooke, Christopher,
Dates associated with a name 1927-2015.
942 ## - ADDED ENTRY ELEMENTS (KOHA)
Source of classification or shelving scheme Library of Congress Classification
Item type Books
Holdings
Withdrawn status Lost status Source of classification or shelving scheme Damaged status Not for loan Home library Current library Shelving location Date acquired Source of acquisition Inventory number Total Checkouts Full call number Barcode Date last seen Price effective from Koha item type
    Library of Congress Classification     BSOP Library BSOP Library GC 11/14/2016   38668   BR738.2 B79 1984 00048668 11/14/2016 11/14/2016 Books
BSOP

Biblical Seminary of the Philippines
  All rights Reserved
  © 2024

CONTACT INFORMATION

Biblical Seminary of the Philippines,
  77-B Karuhatan Road, Valenzuela City,
  PHILIPPINES 1441
  Phone: +632 8292-6795 / 8292-6798
  Fax : +632 8292-6675
  Email: library@bsop.edu.ph